=LDR 00000nam 2200000 4500 =001 INLIS000000000023473 =005 20130612122133 =008 ***********************************Ind; Ind** =035 ##$$0010-061300000023473 =041 ##$$a Ind; Ind =082 ##$$a 658 =090 ##$$a 658, Sia t =100 ##$$a Siagan, Sondang P =245 ##$$a Teori dan praktek kepemimpinan, Sondang P. Siagan, M.P.A =260 ##$$a 2003 $b Jakarta =300 ##$$a 191 hlm, 21 cm =650 ##$$a Kepemimpinan =850 ##$$a NBPNMAT